[Event "SUI-chT"]
[Site "Switzerland"]
[Date "2010.11.06"]
[Round "8.4"]
[White "Almada, Enrique"]
[Black "Lehmann, Andreas"]
[Result "1/2-1/2"]
[WhiteElo "2346"]
[BlackElo "2321"]
[PlyCount "62"]
[EventDate "2010.02.14"]
[EventType "team-tourn"]
[EventRounds "9"]
[EventCountry "SUI"]
[SourceTitle "EXT 2011"]
[Source "ChessBase"]
[SourceDate "2010.11.26"]
[SourceVersion "1"]
[SourceVersionDate "2010.11.26"]
[SourceQuality "1"]
[WhiteTeam "Luzern"]
[BlackTeam "Bern"]
[WhiteTeamCountry "SUI"]
[BlackTeamCountry "SUI"]

1. d4 d5 2. c4 c6 3. Nf3 Nf6 4. e3 Bg4 5. Nbd2 e6 6. Bd3 Nbd7 7. Qc2 Be7 8. a3 Bh5 9. 0-0 Bg6 10. Bxg6 hxg6 11. b4 a5 12. Rb1 axb4 13. axb4 0-0 14. e4 dxe4 15. Nxe4 Nxe4 16. Qxe4 Ra4 17. Bd2 Qc7 18. Ra1 Rfa8 19. Rxa4 Rxa4 20. Qc2 Ra8 21. Re1 Bf6 22. Qc3 b6 23. Ra1 Rd8 24. Bg5 e5 25. Bxf6 gxf6 26. dxe5 Nxe5 27. Nxe5 Qxe5 28. Qxe5 fxe5 29. f3 Rd4 30. Ra6 Rxc4 31. Rxb6 Rc2 1/2-1/2

[Event "SUI-chT"]
[Site "Switzerland"]
[Date "2010.08.29"]
[Round "7.4"]
[White "Almada, Enrique"]
[Black "Netzer, Jean"]
[Result "0-1"]
[WhiteElo "2346"]
[BlackElo "2401"]
[PlyCount "150"]
[EventDate "2010.02.14"]
[EventType "team-tourn"]
[EventRounds "9"]
[EventCountry "SUI"]
[SourceTitle "EXT 2011"]
[Source "ChessBase"]
[SourceDate "2010.11.26"]
[SourceVersion "1"]
[SourceVersionDate "2010.11.26"]
[SourceQuality "1"]
[WhiteTeam "Luzern"]
[BlackTeam "Lausanne"]
[WhiteTeamCountry "SUI"]
[BlackTeamCountry "SUI"]

1. d4 f5 2. c4 Nf6 3. g3 d6 4. Bg2 g6 5. Nc3 Bg7 6. Nh3 0-0 7. d5 Na6 8. Nf4 e5 9. dxe6 c6 10. 0-0 Nc5 11. Rb1 Nxe6 12. Nxe6 Bxe6 13. b3 Rf7 14. Qc2 Qa5 15. a4 Rd8 16. Bb2 f4 17. Ne4 Nxe4 18. Bxe4 Bxb2 19. Rxb2 Qe5 20. Bg2 Rdf8 21. Qd2 a5 22. Rc2 Qc5 23. Bf3 g5 24. g4 h5 25. h3 Rh7 26. Rd1 hxg4 27. hxg4 Rd8 28. Qd4 Qxd4 29. Rxd4 Kf8 30. e3 fxe3 31. fxe3 Ke7 32. Rh2 Rxh2 33. Kxh2 Bf7 34. Kg3 Bg6 35. Rd2 Ke6 36. Rb2 Ra8 37. Rh2 Kf6 38. Rd2 Ke5 39. Rh2 Rf8 40. Rb2 Be4 41. Be2 Rh8 42. b4 axb4 43. Rxb4 c5 44. Rb2 Ra8 45. Ra2 Bc6 46. a5 Ra6 47. Bf3 Bxf3 48. Kxf3 b6 49. Rd2 bxa5 50. Rd5+ Kf6 51. Rf5+ Kg6 52. Ke4 a4 53. Rf2 a3 54. Ra2 Kf6 55. Kd5 Ke7 56. e4 Ra4 57. e5 dxe5 58. Kxe5 Kd7 59. Kd5 Ra5 60. Ke5 Ra4 61. Kd5 Ra5 62. Ke5 Kc6 63. Kf5 Ra4 64. Kxg5 Kb6 65. Kf6 Ka5 66. g5 Kb4 67. g6 Kb3 68. g7 Ra8 69. Ra1 Kb2 70. Rh1 a2 71. Ke6 a1Q 72. Rxa1 Kxa1 73. Kd5 Rc8 74. g8R Rxg8 75. Kxc5 Kb2 0-1

[Event "SUI-chT"]
[Site "Switzerland"]
[Date "2010.06.27"]
[Round "5.6"]
[White "Ballmann, Martin"]
[Black "Almada, Enrique"]
[Result "1/2-1/2"]
[WhiteElo "2389"]
[BlackElo "2346"]
[PlyCount "46"]
[EventDate "2010.02.14"]
[EventType "team-tourn"]
[EventRounds "9"]
[EventCountry "SUI"]
[SourceTitle "EXT 2011"]
[Source "ChessBase"]
[SourceDate "2010.11.26"]
[SourceVersion "1"]
[SourceVersionDate "2010.11.26"]
[SourceQuality "1"]
[WhiteTeam "Winterthur"]
[BlackTeam "Luzern"]
[WhiteTeamCountry "SUI"]
[BlackTeamCountry "SUI"]

1. d4 Nf6 2. Nf3 e6 3. Bg5 c5 4. c3 Qb6 5. Qb3 Qxb3 6. axb3 d6 7. Na3 Bd7 8. dxc5 dxc5 9. Ne5 Bd6 10. Bxf6 gxf6 11. Nxd7 Kxd7 12. Nc4 Kc7 13. g3 Nc6 14. Bg2 Ne7 15. Kd2 a6 16. Kc2 Rad8 17. Bf3 Be5 18. Nxe5 fxe5 19. Bh5 f5 20. Rhd1 Rxd1 21. Rxd1 Rd8 22. Bf7 Rxd1 23. Kxd1 Kd6 1/2-1/2

[Event "SUI-chT"]
[Site "Switzerland"]
[Date "2010.04.25"]
[Round "3.5"]
[White "Cremer, Kevin"]
[Black "Almada, Enrique"]
[Result "0-1"]
[WhiteElo "2110"]
[BlackElo "2346"]
[PlyCount "68"]
[EventDate "2010.02.14"]
[EventType "team-tourn"]
[EventRounds "9"]
[EventCountry "SUI"]
[SourceTitle "EXT 2011"]
[Source "ChessBase"]
[SourceDate "2010.11.26"]
[SourceVersion "1"]
[SourceVersionDate "2010.11.26"]
[SourceQuality "1"]
[WhiteTeam "Tribschen"]
[BlackTeam "Luzern"]
[WhiteTeamCountry "SUI"]
[BlackTeamCountry "SUI"]

1. e4 e5 2. Nf3 Nc6 3. d4 exd4 4. c3 d5 5. exd5 Qxd5 6. cxd4 Bg4 7. Be2 Bb4+ 8. Nc3 Bxf3 9. Bxf3 Qc4 10. Qb3 Qxb3 11. Bxc6+ bxc6 12. axb3 a5 13. 0-0 0-0-0 14. Be3 Ne7 15. Na2 Nd5 16. Nxb4 axb4 17. Bd2 Rhe8 18. Rfd1 Kd7 19. Re1 Ra8 20. Ra4 Rxe1+ 21. Bxe1 Rb8 22. f3 Re8 23. Kf2 Re3 24. Bxb4 Rxb3 25. Ba3 Nf4 26. Kg3 Ne6 27. Rc4 Rd3 28. Bc5 Rd2 29. b4 g5 30. Kg4 Rxg2+ 31. Kf5 Rxh2 32. Kf6 Rf2 33. Kxf7 Rxf3+ 34. Kg8 h5 0-1

[Event "SUI-chT"]
[Site "Switzerland"]
[Date "2009.10.18"]
[Round "9.6"]
[White "Almada, Enrique"]
[Black "Fierz, Martin"]
[Result "1/2-1/2"]
[WhiteElo "2326"]
[BlackElo "2304"]
[PlyCount "34"]
[EventDate "2009.02.22"]
[EventType "team-tourn"]
[EventRounds "9"]
[EventCountry "SUI"]
[SourceTitle "EXT 2011"]
[Source "ChessBase"]
[SourceDate "2010.11.26"]
[SourceVersion "1"]
[SourceVersionDate "2010.11.26"]
[SourceQuality "1"]
[WhiteTeam "Luzern"]
[BlackTeam "Wollishofen"]
[WhiteTeamCountry "SUI"]
[BlackTeamCountry "SUI"]

1. d4 d5 2. c4 c6 3. Nf3 Nf6 4. e3 a6 5. Nbd2 Bf5 6. Be2 e6 7. b3 Nbd7 8. a4 Ne4 9. Nxe4 Bxe4 10. 0-0 Bd6 11. Ba3 Bxa3 12. Rxa3 Qe7 13. Qa1 Bxf3 14. Bxf3 f5 15. Ra2 0-0 16. g3 Nf6 17. Bg2 Ne4 1/2-1/2

[Event "SUI-chT"]
[Site "Switzerland"]
[Date "2009.09.06"]
[Round "7.6"]
[White "Almada, Enrique"]
[Black "Duport, Nicolas"]
[Result "1-0"]
[WhiteElo "2326"]
[BlackElo "2145"]
[PlyCount "99"]
[EventDate "2009.02.22"]
[EventType "team-tourn"]
[EventRounds "9"]
[EventCountry "SUI"]
[SourceTitle "EXT 2011"]
[Source "ChessBase"]
[SourceDate "2010.11.26"]
[SourceVersion "1"]
[SourceVersionDate "2010.11.26"]
[SourceQuality "1"]
[WhiteTeam "Luzern"]
[BlackTeam "Geneve"]
[WhiteTeamCountry "SUI"]
[BlackTeamCountry "SUI"]

1. d4 Nf6 2. c4 g6 3. Nf3 Bg7 4. g3 0-0 5. Bg2 d5 6. cxd5 Nxd5 7. 0-0 Nb6 8. Nc3 Nc6 9. d5 Na5 10. e4 c6 11. Bf4 cxd5 12. exd5 e6 13. dxe6 Bxe6 14. Ng5 Bf5 15. Nge4 Nac4 16. b3 Ne5 17. Bg5 f6 18. Be3 Bg4 19. Qxd8 Raxd8 20. Nc5 Rfe8 21. Nxb7 Rd3 22. Rac1 Bf8 23. Ne4 Nd5 24. Nbc5 Bxc5 25. Rxc5 Nf3+ 26. Bxf3 Bxf3 27. Rxd5 Bxe4 28. Rxd3 Bxd3 29. Rd1 Bf5 30. Rd6 a5 31. Rxf6 Re6 32. Rxe6 Bxe6 33. Kg2 Bd5+ 34. Kh3 Kf7 35. g4 Ke6 36. Kh4 Kf6 37. Bd4+ Kf7 38. Kg5 a4 39. bxa4 Bxa2 40. a5 Bc4 41. Bb2 Be2 42. Kf4 Ke6 43. h4 Ba6 44. Kg5 Kf7 45. Kh6 Kg8 46. h5 Be2 47. hxg6 hxg6 48. Kxg6 Bxg4 49. Ba3 Bf3 50. a6 1-0

[Event "SUI-chT"]
[Site "Switzerland"]
[Date "2009.09.05"]
[Round "6.6"]
[White "Lamoureux, Charles"]
[Black "Almada, Enrique"]
[Result "1/2-1/2"]
[WhiteElo "2366"]
[BlackElo "2326"]
[PlyCount "104"]
[EventDate "2009.02.22"]
[EventType "team-tourn"]
[EventRounds "9"]
[EventCountry "SUI"]
[SourceTitle "EXT 2011"]
[Source "ChessBase"]
[SourceDate "2010.11.26"]
[SourceVersion "1"]
[SourceVersionDate "2010.11.26"]
[SourceQuality "1"]
[WhiteTeam "Joueur"]
[BlackTeam "Luzern"]
[WhiteTeamCountry "SUI"]
[BlackTeamCountry "SUI"]

1. e4 e5 2. Nf3 Nc6 3. Bc4 Nf6 4. d3 Be7 5. Nbd2 0-0 6. Bb3 h6 7. c3 d5 8. Qe2 Re8 9. Nf1 Bf8 10. h3 Be6 11. g4 dxe4 12. dxe4 Nd7 13. Bc2 Ne7 14. g5 Ng6 15. gxh6 gxh6 16. Ng3 Nf6 17. Bd2 c6 18. Nf5 Bxf5 19. exf5 Nf4 20. Qf1 Qd5 21. Nh4 Rad8 22. 0-0-0 Qxa2 23. Bxf4 Ba3 24. bxa3 Qa1+ 25. Bb1 Qxc3+ 26. Bc2 Qa1+ 27. Bb1 Qc3+ 28. Bc2 Qa1+ 29. Bb1 Qxa3+ 30. Kc2 Qa4+ 31. Kb2 Rxd1 32. Qxd1 Qxf4 33. Nf3 e4 34. Rg1+ Kh7 35. Qd4 Qxf5 36. Nd2 Qe5 37. Qxe5 Rxe5 38. f3 Rg5 39. Rxg5 hxg5 40. Nxe4 Nxe4 41. fxe4 Kg6 42. e5+ Kg7 43. Kc3 f6 44. e6 Kf8 45. Kb4 Ke7 46. Bf5 Kd6 47. Bg4 b6 48. Bf5 a6 49. Bg4 c5+ 50. Ka4 Ke7 51. Bf5 Kd6 52. Bg4 Ke7 1/2-1/2

[Event "SUI-chT"]
[Site "Switzerland"]
[Date "2009.02.22"]
[Round "1.8"]
[White "Kuehn, Peter"]
[Black "Almada, Enrique"]
[Result "1/2-1/2"]
[WhiteElo "2412"]
[BlackElo "2326"]
[PlyCount "124"]
[EventDate "2009.02.22"]
[EventType "team-tourn"]
[EventRounds "9"]
[EventCountry "SUI"]
[SourceTitle "EXT 2011"]
[Source "ChessBase"]
[SourceDate "2010.11.26"]
[SourceVersion "1"]
[SourceVersionDate "2010.11.26"]
[SourceQuality "1"]
[WhiteTeam "Reichenstein"]
[BlackTeam "Luzern"]
[WhiteTeamCountry "SUI"]
[BlackTeamCountry "SUI"]

1. d4 Nf6 2. g3 e6 3. Bg2 c5 4. Nf3 Nc6 5. 0-0 b6 6. c4 cxd4 7. Nxd4 Bb7 8. Nb5 a6 9. Nd6+ Bxd6 10. Qxd6 Qb8 11. Bf4 Qxd6 12. Bxd6 Na5 13. b3 Bxg2 14. Kxg2 Rc8 15. Rd1 Nb7 16. Ba3 d6 17. Bb2 Ke7 18. Nc3 Rc6 19. Rac1 h5 20. h3 Rhc8 21. f4 Nc5 22. Kf3 Rg8 23. e4 g5 24. e5 dxe5 25. fxe5 Nfd7 26. Ke3 Nxe5 27. Nd5+ exd5 28. cxd5 Ned3 29. dxc6 Nxc1 30. Rxc1 a5 31. Bd4 Kd6 32. Bxc5+ bxc5 33. Rf1 Kxc6 34. Rxf7 Re8+ 35. Kd3 Re5 36. Rh7 g4 37. hxg4 hxg4 38. Rh6+ Kd5 39. Rg6 a4 40. Rxg4 axb3 41. axb3 Re1 42. Rg5+ Kd6 43. Rg8 Rb1 44. Kc2 Rg1 45. g4 Rg3 46. g5 Kc6 47. g6 Kb7 48. g7 Rg1 49. Kd3 Rg6 50. Kc4 Rg1 51. Kxc5 Rc1+ 52. Kb5 Rg1 53. b4 Rg5+ 54. Ka4 Rg1 55. Re8 Rxg7 56. Ka5 Rg6 57. Re7+ Kb8 58. b5 Rh6 59. Rg7 Rf6 60. Rd7 Rh6 61. Kb4 Rg6 62. Kc5 Rh6 1/2-1/2

[Event "SUI-chT"]
[Site "Switzerland"]
[Date "2008.05.25"]
[Round "4.8"]
[White "Almada, Enrique"]
[Black "Wirthensohn, Heinz"]
[Result "1/2-1/2"]
[WhiteElo "2323"]
[BlackElo "2372"]
[PlyCount "29"]
[EventDate "2008.03.02"]
[EventType "team-tourn"]
[EventRounds "9"]
[EventCountry "SUI"]
[SourceTitle "EXT 2009"]
[Source "ChessBase"]
[SourceDate "2008.11.26"]
[SourceVersion "1"]
[SourceVersionDate "2008.11.26"]
[SourceQuality "1"]
[WhiteTeam "Luzern"]
[BlackTeam "Reichenstein"]
[WhiteTeamCountry "SUI"]
[BlackTeamCountry "SUI"]

1. d4 d5 2. Nf3 Nf6 3. c4 c6 4. e3 g6 5. Be2 Bg7 6. 0-0 0-0 7. Nbd2 b6 8. b3 Bb7 9. Bb2 Nbd7 10. a4 a5 11. Qc2 e6 12. Rac1 Qe7 13. Qb1 c5 14. Bd3 Rfc8 15. Rfe1 1/2-1/2

[Event "SUI-chT"]
[Site "Switzerland"]
[Date "2008.03.02"]
[Round "1.7"]
[White "Almada, Enrique"]
[Black "Rueetschi, Urs"]
[Result "0-1"]
[WhiteElo "2323"]
[BlackElo "2319"]
[PlyCount "124"]
[EventDate "2008.03.02"]
[EventType "team-tourn"]
[EventRounds "9"]
[EventCountry "SUI"]
[SourceTitle "CBM 123 Extra"]
[Source "ChessBase"]
[SourceDate "2008.05.06"]
[SourceVersion "1"]
[SourceVersionDate "2008.05.06"]
[SourceQuality "1"]
[WhiteTeam "Luzern"]
[BlackTeam "Winterthur"]
[WhiteTeamCountry "SUI"]
[BlackTeamCountry "SUI"]

1. d4 Nf6 2. c4 e6 3. Nf3 b6 4. a3 Bb7 5. Nc3 d5 6. e3 Nbd7 7. Be2 Be7 8. 0-0 0-0 9. b4 dxc4 10. Bxc4 c5 11. bxc5 bxc5 12. dxc5 Nxc5 13. Bb2 Rb8 14. Qe2 Qa5 15. Nb5 Bd5 16. Bxd5 Qxb5 17. Qxb5 Rxb5 18. Bxf6 Bxf6 19. Bc4 Ra5 20. Nd4 Rc8 21. Rfd1 g6 22. f3 Na4 23. Bf1 Rc3 24. Kf2 Nb6 25. a4 Rxa4 26. Rxa4 Nxa4 27. Ra1 Nb6 28. Rxa7 Nd5 29. Nb5 Rxe3 30. Bc4 Re5 31. Bxd5 Rxd5 32. Ra8+ Bd8 33. Nc3 Rd7 34. Ne4 Kg7 35. Ke2 Be7 36. f4 f5 37. Nf2 Bd6 38. Nd3 Kf6 39. h4 Rc7 40. Ra2 Rc4 41. g3 h6 42. Ke3 g5 43. hxg5+ hxg5 44. Ra6 Re4+ 45. Kf2 Be7 46. fxg5+ Kxg5 47. Kf3 e5 48. Re6 Bf6 49. g4 Ra4 50. Nxe5 fxg4+ 51. Kg3 Ra3+ 52. Kg2 Kf5 53. Rxf6+ Kxf6 54. Nxg4+ Kg5 55. Ne5 Kf4 56. Ng6+ Kf5 57. Ne7+ Kf6 58. Nd5+ Ke5 59. Ne7 Ra6 60. Kf3 Re6 61. Nc8 Kd5 62. Kf4 Kc5 0-1

[Event "SUI-chT"]
[Site "Switzerland"]
[Date "2005.09.03"]
[Round "6.6"]
[White "Almada, Enrique"]
[Black "Vezzosi, Paolo"]
[Result "1-0"]
[WhiteElo "2340"]
[BlackElo "2318"]
[PlyCount "127"]
[EventDate "2005.02.27"]
[EventType "team-tourn"]
[EventRounds "9"]
[EventCountry "SUI"]
[SourceTitle "EXT 2006"]
[Source "ChessBase"]
[SourceDate "2005.11.24"]
[SourceVersion "1"]
[SourceVersionDate "2005.11.24"]
[SourceQuality "1"]
[WhiteTeam "Luzern"]
[BlackTeam "Mendrisio"]
[WhiteTeamCountry "SUI"]
[BlackTeamCountry "SUI"]

1. d4 d6 2. Nf3 Bg4 3. c4 Nd7 4. g3 Bxf3 5. exf3 g6 6. Bg2 Bg7 7. f4 c6 8. Nc3 Nh6 9. Be3 Nf5 10. Bh3 e6 11. d5 Nxe3 12. fxe3 exd5 13. cxd5 c5 14. Qb3 0-0 15. 0-0-0 Nb6 16. e4 Rb8 17. Rhe1 Re8 18. Kb1 a6 19. e5 dxe5 20. f5 e4 21. Nxe4 Bd4 22. fxg6 hxg6 23. d6 Kg7 24. Rf1 Rf8 25. Nxc5 Qxd6 26. Rxf7+ Rxf7 27. Ne6+ Kh8 28. Rxd4 Qe5 29. Qc3 Qf6 30. Ng5 Rbf8 31. Nxf7+ Rxf7 32. Rd6 Qxc3 33. bxc3 Nc4 34. Rd8+ Kg7 35. Rd7 g5 36. Rxf7+ Kxf7 37. Bg2 Nd6 38. Kc2 Kf6 39. Kd3 Ke5 40. h4 gxh4 41. gxh4 b6 42. h5 Nf5 43. Be4 Nh6 44. Bb7 a5 45. Kc4 Kd6 46. Kb5 Kc7 47. Bd5 Nf5 48. Be6 Nh6 49. c4 Kb7 50. c5 bxc5 51. Kxc5 a4 52. Kb4 Kc6 53. Kxa4 Kd6 54. Bb3 Nf5 55. Bc2 Nh6 56. Kb5 Ke5 57. a4 Nf7 58. a5 Nd6+ 59. Kc6 Nc8 60. a6 Na7+ 61. Kc5 Nc8 62. h6 Kf6 63. h7 Kg7 64. Bf5 1-0

[Event "SUI-chT"]
[Site "Switzerland"]
[Date "2004.11.06"]
[Round "8.5"]
[White "Buss, Ralph"]
[Black "Almada, Enrique"]
[Result "1-0"]
[WhiteElo "2287"]
[BlackElo "2368"]
[PlyCount "77"]
[EventDate "2004.02.29"]
[EventType "team-tourn"]
[EventRounds "9"]
[EventCountry "SUI"]
[SourceTitle "EXT 2006"]
[Source "ChessBase"]
[SourceDate "2005.11.24"]
[SourceVersion "1"]
[SourceVersionDate "2005.11.24"]
[SourceQuality "1"]
[WhiteTeam "Roessli"]
[BlackTeam "Luzern"]
[WhiteTeamCountry "SUI"]
[BlackTeamCountry "SUI"]

1. Nf3 e6 2. c4 f5 3. g3 Nf6 4. Bg2 c6 5. 0-0 d5 6. d3 Be7 7. Nc3 0-0 8. e4 d4 9. Ne2 fxe4 10. dxe4 c5 11. e5 Ne8 12. b4 d3 13. Nf4 cxb4 14. Nxd3 Bd7 15. Qe2 Bc6 16. Bb2 Nc7 17. Nf4 Qe8 18. Nd4 Bxg2 19. Kxg2 Bg5 20. Nd3 Nc6 21. Nb5 Nxb5 22. cxb5 Na5 23. Nxb4 Rc8 24. a4 Qg6 25. Rad1 Rc4 26. Rd4 Rfc8 27. Rfd1 Be7 28. Nc6 bxc6 29. Rxc4 Nxc4 30. Qxc4 Rd8 31. Rxd8+ Bxd8 32. Qxc6 Bb6 33. a5 Bxa5 34. Qa8+ Kf7 35. Qxa7+ Kg8 36. Qa8+ Kf7 37. Ba3 Bd8 38. Qf3+ Ke8 39. Qc6+ 1-0

[Event "SUI-chT"]
[Site "Switzerland"]
[Date "2004.09.05"]
[Round "7.6"]
[White "Domont, Alexandre"]
[Black "Almada, Enrique"]
[Result "1/2-1/2"]
[WhiteElo "2418"]
[BlackElo "2368"]
[PlyCount "96"]
[EventDate "2004.02.29"]
[EventType "team-tourn"]
[EventRounds "9"]
[EventCountry "SUI"]
[SourceTitle "EXT 2005"]
[Source "ChessBase"]
[SourceDate "2004.11.15"]
[SourceVersion "1"]
[SourceVersionDate "2004.11.15"]
[SourceQuality "1"]
[WhiteTeam "Biel"]
[BlackTeam "Luzern"]
[WhiteTeamCountry "SUI"]
[BlackTeamCountry "SUI"]

1. e4 e5 2. Nf3 Nc6 3. Bc4 Nf6 4. d3 Be7 5. 0-0 0-0 6. Re1 d6 7. a4 h6 8. c3 a5 9. Nbd2 Nh7 10. d4 Ng5 11. dxe5 Nxf3+ 12. Nxf3 Nxe5 13. Nxe5 dxe5 14. Qb3 Bc5 15. Be3 Bd6 16. Rad1 Qe7 17. Rd3 Kh7 18. h3 g6 19. Qd1 f5 20. exf5 gxf5 21. f4 e4 22. Rxd6 Qxd6 23. Qxd6 cxd6 24. Rd1 Bd7 25. b3 Rac8 26. Rxd6 Bxa4 27. Re6 Rxc4 28. Re7+ Kg6 29. bxc4 Bc6 30. Bd4 Rf7 31. Re6+ Kh7 32. Re5 a4 33. Ra5 Rf8 34. Kf2 Kg6 35. Ke3 h5 36. g4 hxg4 37. hxg4 Rf7 38. gxf5+ Rxf5 39. Rxf5 Kxf5 40. Bc5 Be8 41. Bb4 Bf7 42. c5 Bg6 43. Ba3 Ke6 44. Kd4 Kd7 45. Bc1 Kc6 46. c4 Kc7 47. Kd5 Bh7 48. Ke5 Kc6 1/2-1/2